000 00966nas a2200313 4500
001 BR0901722
003 BR-BrBNA
005 20231205112627.0
007 ta
008 230509b bl.|||p| |||| 00| 00por d
040 _aBR-BrBNA
_bpor
_cBiblioteca Nacional de Agricultura
041 _a(Pt)
072 _aQ03
100 1 _aSilva, O.F.
100 1 _aCosta, R.A.
100 1 _aFarias, A.X. de
100 1 _aSouza, M. de L.M. de
100 1 _aCorrea, T.B.S.
100 1 _aFraga, M.E.
245 1 _aAvaliação da micobiota toxigênica e ocratoxina A em cafés produzidos na região do cerrado e estado de Rondônia - safra 2003/2004
650 _aCAFÉ
650 _aOCRATOXINA
650 _aCONTAMINAÇÃO
650 _aCERRADO
650 _aRONDÔNIA
773 0 _tRevista Brasileira de Armazenamento (Brazil)
_xISSN 0100-3518
_g(2008), Special Cafe no.10 p. 9-14
_wBR0901722
909 _a202311
_bLúcia
_c55
_dLúcia Elande
942 _2AGRIS
_n0
_cANA
999 _c199044
_d199044